| 000 | 00640cam a2200193 4500 | ||
|---|---|---|---|
| 001 | WS106549 | ||
| 008 | 000000n 000 0 eng u | ||
| 035 | _a(Sirsi) u106549 | ||
| 110 |
_aEnglish Historic Towns Forum _92930 |
||
| 245 | _aEnglish Historic Towns Forum | ||
| 520 | _aWeb site for this organisation which aims to promote and reconcile prosperity and conservation in historic towns. | ||
| 650 | _aTOWNS | ||
| 650 | _aURBAN REGENERATION | ||
| 650 | _aCONSERVATION | ||
| 650 | _aPLANNING | ||
| 690 | _aREGENERATION | ||
| 856 | 4 | 0 |
_uhttps://www.ehtf.org.uk/ _zView the website free of charge at www.ehtf.org.uk/... |
| 942 | _n0 | ||
| 999 |
_c119487 _d119487 |
||